Movies Quiz

Random Movies or Actor Quiz

Best Picture & Best Actor & Year Matchup Quiz Stats

 Plays Quiz not verified by Sporcle

Score 0/27 Timer 08:00
0 Plays Today
% Correct
1994
98.3%
2010
97.7%
1999
97.1%
1991
96.5%
1972
96%
2000
96%
1975
95.4%
1988
94.8%
1979
94.2%
2011
93.6%
1984
91.3%
1982
90.8%
1970
90.2%
1971
90.2%
% Correct
1959
86.1%
1954
85%
1957
80.9%
1955
78%
1964
77.5%
1934
76.3%
1967
75.1%
1948
74.6%
1966
71.7%
1944
70.5%
1946
68.8%
1949
64.2%
1945
63.6%

You're not logged in!

Compare scores with friends on all Sporcle quizzes.
OR
Log In

You Might Also Like...

Show Comments

Extras

Top Quizzes Today


Score Distribution

Your Account Isn't Verified!

In order to create a playlist on Sporcle, you need to verify the email address you used during registration. Go to your Sporcle Settings to finish the process.

Report this User

Report this user for behavior that violates our Community Guidelines.

Details: